MARC

LEADER 00000nam0a2200000 4500
001 285300
005 20231101235800.0
035 |a (RuTPU)RU\TPU\book\309535 
090 |a 285300 
100 |a 20150224d1984 km z0rusy50 ca 
101 0 |a rus 
102 |a RU 
105 |a a z 001zy 
200 1 |a Космогенные изотопы гидросферы  |f В. И. Ферронский, В. А. Поляков, В. В. Романов  |g под ред. В. Г. Онуфриева 
210 |a Москва  |c Наука  |d 1984 
215 |a 268 с.  |c ил. 
320 |a Библиогр.: с. 246-258 
320 |a Именной указатель: с. 259-261 
606 1 |a Гидрогеологические исследования  |x Методика  |2 stltpush  |3 (RuTPU)RU\TPU\subj\6619  |9 34454 
610 1 |a гидросфера 
610 1 |a космогенные изотопы 
610 1 |a физические основы 
610 1 |a тритий 
610 1 |a природные воды 
610 1 |a радиоуглерод 
610 1 |a исследование 
675 |a 556.3.01  |v 4 
700 1 |a Ферронский  |b В. И.  |g Василий Иванович 
701 1 |a Поляков  |b В. А.  |g Владимир Андреевич 
701 1 |a Романов  |b В. В.  |g Владимир Васильевич 
702 1 |a Онуфриев  |b В. Г.  |4 340 
801 1 |a RU  |b 63413507  |c 20150224 
801 2 |a RU  |b 63413507  |c 20160913  |g RCR 
942 |c BK